000 00836cam a22002891 4500
999 _c20376
_d20376
001 7507227
003 BDDh-ASL
005 20231015025900.0
008 740128s1962 nju b 000 0 eng
010 _a 63001079
015 _aGB63-3883
035 _a(OCoLC)783587
040 _aDLC
_cMBU
_dUk
_dPPLT
_dDLC
_dBDDh-ASL
042 _apremarc
050 0 0 _aBP52
_b.H5
082 _a297.09
_bHII
100 1 _aHitti, Philip K.
_q(Philip Khuri),
_d1886-1978.
245 1 0 _aIslam and the West:
_ba historical cultural survey /
260 _aPrinceton, N.J.:
_bVan Nostrand
_c[c1962]
300 _a192 p.
_c19 cm.
490 0 _aAn Anvil original
504 _a"Selected readings": p. 95-187.
650 0 _aIslam
_xRelations.
650 0 _aEast and West.
906 _a7
_bcbc
_coclcrpl
_du
_encip
_f19
_gy-gencatlg
942 _2ddc
_cBK